[Event "DEM U14 2025"]
[Site "Willingen GER"]
[Date "2025.06.08"]
[Round "2"]
[White "Dodul, Arthur"]
[Black "Rodriguez Klasen, Ennio"]
[Result "1/2-1/2"]
[Termination "normal"]
[Board "11"]
[WhiteElo "1926"]
[BlackElo "2021"]
[WhiteClock "01:03:28"]
[BlackClock "00:24:29"]
[PlyCount "48"]
[WhiteFideId "34609016"]
[BlackFideId "16277414"]
[EventCountry "GER"]
[EventRounds "9"]
[EventType "swiss"]
[EventDate "2025.06.07"]

1. e4 {[%clk 01:30:57]} {[%emt 00:00:03]} c5 {[%clk 01:30:57]} {[%emt
00:00:04]} 2. c3 {[%clk 01:31:20]} {[%emt 00:00:08]} Nf6 {[%clk 01:31:22]}
{[%emt 00:00:04]} 3. e5 {[%clk 01:31:45]} {[%emt 00:00:04]} Nd5 {[%clk
01:31:47]} {[%emt 00:00:05]} 4. d4 {[%clk 01:32:09]} {[%emt 00:00:07]} cxd4
{[%clk 01:32:08]} {[%emt 00:00:09]} 5. Nf3 {[%clk 01:32:31]} {[%emt 00:00:07]}
d6 {[%clk 01:32:27]} {[%emt 00:00:12]} 6. Qxd4 {[%clk 01:32:18]} {[%emt
00:00:43]} dxe5 {[%clk 01:31:06]} {[%emt 00:01:52]} 7. Nxe5 {[%clk 01:32:39]}
{[%emt 00:00:08]} e6 {[%clk 01:29:58]} {[%emt 00:01:38]} 8. Bb5+ {[%clk
01:32:35]} {[%emt 00:00:34]} Bd7 {[%clk 01:20:08]} {[%emt 00:10:21]} 9. Nxd7
{[%clk 01:31:20]} {[%emt 00:01:44]} Nxd7 {[%clk 01:18:55]} {[%emt 00:01:43]}
10. O-O {[%clk 01:29:07]} {[%emt 00:02:42]} a6 {[%clk 01:17:09]} {[%emt
00:02:17]} 11. Bc4 {[%clk 01:27:48]} {[%emt 00:01:48]} Qb6 {[%clk 01:10:34]}
{[%emt 00:07:06]} 12. Bxd5 {[%clk 01:24:11]} {[%emt 00:04:07]} Qxd4 {[%clk
01:10:43]} {[%emt 00:00:22]} 13. cxd4 {[%clk 01:24:39]} {[%emt 00:00:01]} exd5
{[%clk 01:11:00]} {[%emt 00:00:13]} 14. Nc3 {[%clk 01:24:46]} {[%emt 00:00:22]}
Nb6 {[%clk 01:05:20]} {[%emt 00:06:11]} 15. Re1+ {[%clk 01:22:01]} {[%emt
00:03:15]} Kd7 {[%clk 00:56:49]} {[%emt 00:09:01]} 16. Re5 {[%clk 01:12:24]}
{[%emt 00:10:05]} Re8 {[%clk 00:50:22]} {[%emt 00:06:59]} 17. Nxd5 {[%clk
01:11:03]} {[%emt 00:01:50]} Nxd5 {[%clk 00:49:49]} {[%emt 00:01:03]} 18. Rxd5+
{[%clk 01:11:26]} {[%emt 00:00:08]} Kc6 {[%clk 00:49:31]} {[%emt 00:00:48]} 19.
Re5 {[%clk 01:11:42]} {[%emt 00:00:14]} Bd6 {[%clk 00:49:22]} {[%emt 00:00:39]}
20. Re3 {[%clk 01:11:04]} {[%emt 00:01:07]} Kd5 {[%clk 00:49:06]} {[%emt
00:00:47]} 21. Bd2 {[%clk 01:05:56]} {[%emt 00:05:36]} Rxe3 {[%clk 00:30:43]}
{[%emt 00:18:55]} 22. fxe3 {[%clk 01:04:52]} {[%emt 00:01:34]} Rc8 {[%clk
00:27:28]} {[%emt 00:03:45]} 23. Bc3 {[%clk 01:03:30]} {[%emt 00:01:51]} b5
{[%clk 00:26:43]} {[%emt 00:01:16]} 24. a3 {[%clk 01:03:28]} {[%emt 00:00:30]}
Ke4 {[%clk 00:24:29]} {[%emt 00:02:45]} 1/2-1/2

[Event "DEM U14 2025"]
[Site "Willingen GER"]
[Date "2025.06.08"]
[Round "2"]
[White "Prashanthakumar, Arju"]
[Black "Bundan, Edward"]
[Result "0-1"]
[Termination "normal"]
[Board "13"]
[WhiteElo "1809"]
[BlackElo "2038"]
[WhiteClock "00:03:18"]
[BlackClock "00:17:19"]
[PlyCount "76"]
[WhiteFideId "34604065"]
[BlackFideId "34603042"]
[EventCountry "GER"]
[EventRounds "9"]
[EventType "swiss"]
[EventDate "2025.06.07"]

1. e4 {[%clk 01:30:57]} {[%emt 00:00:02]} c5 {[%clk 01:30:56]} {[%emt
00:00:06]} 2. Nf3 {[%clk 01:31:21]} {[%emt 00:00:05]} Nc6 {[%clk 01:31:20]}
{[%emt 00:00:07]} 3. Bb5 {[%clk 01:31:34]} {[%emt 00:00:15]} e5 {[%clk
01:31:25]} {[%emt 00:00:26]} 4. O-O {[%clk 01:29:11]} {[%emt 00:02:53]} Bd6
{[%clk 01:31:42]} {[%emt 00:00:13]} 5. d3 {[%clk 01:27:06]} {[%emt 00:02:35]}
Nge7 {[%clk 01:31:38]} {[%emt 00:00:35]} 6. Bg5 {[%clk 01:21:57]} {[%emt
00:05:38]} h6 {[%clk 01:26:28]} {[%emt 00:05:39]} 7. Be3 {[%clk 01:19:53]}
{[%emt 00:02:34]} a6 {[%clk 01:25:17]} {[%emt 00:01:43]} 8. Ba4 {[%clk
01:17:36]} {[%emt 00:02:46]} O-O {[%clk 01:24:19]} {[%emt 00:01:27]} 9. Nbd2
{[%clk 01:13:49]} {[%emt 00:04:18]} b5 {[%clk 01:23:28]} {[%emt 00:01:21]} 10.
Bb3 {[%clk 01:14:09]} {[%emt 00:00:10]} Kh8 {[%clk 01:20:55]} {[%emt 00:03:03]}
11. Nh4 {[%clk 01:12:25]} {[%emt 00:02:13]} Qe8 {[%clk 01:07:29]} {[%emt
00:13:57]} 12. Qh5 {[%clk 01:08:14]} {[%emt 00:04:41]} f6 {[%clk 01:07:09]}
{[%emt 00:00:49]} 13. Qxe8 {[%clk 00:59:39]} {[%emt 00:09:05]} Rxe8 {[%clk
01:05:46]} {[%emt 00:01:54]} 14. a4 {[%clk 00:56:24]} {[%emt 00:03:46]} Rb8
{[%clk 01:05:45]} {[%emt 00:00:30]} 15. Rfe1 {[%clk 00:50:33]} {[%emt
00:06:21]} Kh7 {[%clk 01:00:58]} {[%emt 00:05:16]} 16. Nf1 {[%clk 00:49:06]}
{[%emt 00:01:58]} g6 {[%clk 01:00:39]} {[%emt 00:00:48]} 17. axb5 {[%clk
00:44:41]} {[%emt 00:04:56]} axb5 {[%clk 00:59:35]} {[%emt 00:01:34]} 18. h3
{[%clk 00:43:23]} {[%emt 00:01:48]} f5 {[%clk 00:58:04]} {[%emt 00:02:00]} 19.
exf5 {[%clk 00:40:57]} {[%emt 00:02:56]} gxf5 {[%clk 00:57:54]} {[%emt
00:00:41]} 20. Ng3 {[%clk 00:32:36]} {[%emt 00:08:50]} Rf8 {[%clk 00:53:59]}
{[%emt 00:04:26]} 21. Bd2 {[%clk 00:30:12]} {[%emt 00:02:55]} Bc7 {[%clk
00:48:08]} {[%emt 00:06:20]} 22. Bc3 {[%clk 00:24:45]} {[%emt 00:05:56]} d5
{[%clk 00:46:47]} {[%emt 00:01:51]} 23. f4 {[%clk 00:17:25]} {[%emt 00:07:51]}
e4 {[%clk 00:37:34]} {[%emt 00:09:43]} 24. dxe4 {[%clk 00:17:25]} {[%emt
00:00:30]} fxe4 {[%emt 00:04:40]} 25. Nh5 {[%clk 00:14:01]} d4 {[%clk
00:36:39]} {[%emt 00:01:07]} 26. Bd2 {[%clk 00:14:26]} {[%emt 00:00:06]} e3
{[%clk 00:36:40]} {[%emt 00:00:28]} 27. Bc1 {[%clk 00:14:47]} {[%emt 00:00:09]}
Ng6 {[%clk 00:32:55]} {[%emt 00:04:15]} 28. Bd5 {[%clk 00:13:07]} {[%emt
00:02:10]} Nce7 {[%clk 00:22:16]} {[%emt 00:11:10]} 29. Be4 {[%clk 00:13:09]}
{[%emt 00:00:28]} Bb7 {[%clk 00:20:23]} {[%emt 00:02:23]} 30. Nxg6 {[%clk
00:09:45]} {[%emt 00:03:54]} Nxg6 {[%clk 00:20:26]} {[%emt 00:00:27]} 31. Ra7
{[%clk 00:09:42]} {[%emt 00:00:33]} Bxe4 {[%clk 00:20:41]} {[%emt 00:00:15]}
32. Rxc7+ {[%clk 00:10:06]} {[%emt 00:00:05]} Kh8 {[%clk 00:20:34]} {[%emt
00:00:37]} 33. Rxc5 {[%clk 00:08:37]} {[%emt 00:02:00]} Nxf4 {[%clk 00:20:20]}
{[%emt 00:00:43]} 34. Nxf4 {[%clk 00:06:16]} {[%emt 00:02:51]} Rxf4 {[%clk
00:20:43]} {[%emt 00:00:07]} 35. Re5 {[%clk 00:04:25]} {[%emt 00:02:21]} Bxc2
{[%clk 00:19:15]} {[%emt 00:01:58]} 36. b4 {[%clk 00:03:21]} {[%emt 00:01:35]}
Bd3 {[%clk 00:18:49]} {[%emt 00:00:55]} 37. Bb2 {[%clk 00:03:02]} {[%emt
00:00:50]} e2 {[%clk 00:17:57]} {[%emt 00:01:21]} 38. Kh2 {[%clk 00:03:18]}
{[%emt 00:00:15]} Rd8 {[%clk 00:17:19]} {[%emt 00:01:08]} 0-1

[Event "DEM U14 2025"]
[Site "Willingen GER"]
[Date "2025.06.08"]
[Round "2"]
[White "Stephanblome, Felix"]
[Black "Lanert, Theodor"]
[Result "1-0"]
[Termination "normal"]
[Board "14"]
[WhiteElo "2022"]
[BlackElo "1793"]
[WhiteClock "00:11:38"]
[BlackClock "00:00:33"]
[PlyCount "81"]
[WhiteFideId "34661026"]
[BlackFideId "34605576"]
[EventCountry "GER"]
[EventRounds "9"]
[EventType "swiss"]
[EventDate "2025.06.07"]

1. d4 {[%clk 01:30:56]} {[%emt 00:00:03]} Nf6 {[%clk 01:30:28]} {[%emt
00:00:31]} 2. c4 {[%clk 01:31:17]} {[%emt 00:00:10]} e6 {[%clk 01:30:52]}
{[%emt 00:00:07]} 3. Nc3 {[%clk 01:31:36]} {[%emt 00:00:10]} Bb4 {[%clk
01:31:16]} {[%emt 00:00:06]} 4. Bd2 {[%clk 01:32:00]} {[%emt 00:00:07]} O-O
{[%clk 01:31:35]} {[%emt 00:00:11]} 5. Nf3 {[%clk 01:32:11]} {[%emt 00:00:19]}
c5 {[%clk 01:31:56]} {[%emt 00:00:10]} 6. a3 {[%clk 01:32:26]} {[%emt
00:00:15]} Bxc3 {[%clk 01:32:18]} {[%emt 00:00:08]} 7. Bxc3 {[%clk 01:32:50]}
{[%emt 00:00:06]} Ne4 {[%clk 01:32:42]} {[%emt 00:00:06]} 8. Rc1 {[%clk
01:32:55]} {[%emt 00:00:25]} Nxc3 {[%clk 01:33:04]} {[%emt 00:00:08]} 9. Rxc3
{[%clk 01:33:19]} {[%emt 00:00:05]} b6 {[%clk 01:27:51]} {[%emt 00:05:44]} 10.
g3 {[%clk 01:29:29]} {[%emt 00:04:19]} d6 {[%clk 01:26:25]} {[%emt 00:01:56]}
11. Bg2 {[%clk 01:28:55]} {[%emt 00:01:02]} Bb7 {[%clk 01:25:41]} {[%emt
00:01:15]} 12. O-O {[%clk 01:24:00]} {[%emt 00:05:25]} Nc6 {[%clk 01:23:50]}
{[%emt 00:02:21]} 13. Rd3 {[%clk 01:22:25]} {[%emt 00:02:05]} Qc7 {[%clk
01:18:40]} {[%emt 00:05:41]} 14. dxc5 {[%clk 01:19:35]} {[%emt 00:03:19]} bxc5
{[%clk 01:16:32]} {[%emt 00:02:38]} 15. Rxd6 {[%clk 01:18:38]} {[%emt
00:01:27]} Nd4 {[%clk 01:15:45]} {[%emt 00:01:17]} 16. Rxd4 {[%clk 01:06:28]}
{[%emt 00:12:40]} cxd4 {[%clk 01:15:52]} {[%emt 00:00:23]} 17. Qxd4 {[%clk
01:06:43]} {[%emt 00:00:14]} Rfd8 {[%clk 01:05:54]} {[%emt 00:10:28]} 18. Qc3
{[%clk 01:05:26]} {[%emt 00:01:47]} Rac8 {[%clk 01:02:18]} {[%emt 00:04:06]}
19. Rc1 {[%clk 01:03:00]} {[%emt 00:02:55]} a5 {[%clk 00:45:59]} {[%emt
00:16:49]} 20. b4 {[%clk 00:59:48]} {[%emt 00:03:42]} axb4 {[%clk 00:46:02]}
{[%emt 00:00:27]} 21. axb4 {[%clk 01:00:12]} {[%emt 00:00:06]} Bd5 {[%clk
00:16:16]} {[%emt 00:30:16]} 22. Nd2 {[%clk 00:55:38]} {[%emt 00:05:04]} Bxg2
{[%clk 00:07:39]} {[%emt 00:09:07]} 23. Kxg2 {[%clk 00:55:57]} {[%emt
00:00:11]} Qd6 {[%clk 00:07:10]} {[%emt 00:01:00]} 24. Nb3 {[%clk 00:55:00]}
{[%emt 00:01:27]} Rb8 {[%clk 00:05:53]} {[%emt 00:01:47]} 25. c5 {[%clk
00:54:28]} {[%emt 00:01:01]} Qd5+ {[%clk 00:04:07]} {[%emt 00:02:16]} 26. f3
{[%clk 00:54:43]} {[%emt 00:00:15]} Rdc8 {[%clk 00:03:43]} {[%emt 00:00:54]}
27. Na5 {[%clk 00:52:50]} {[%emt 00:02:23]} Qa2 {[%clk 00:01:43]} {[%emt
00:02:30]} 28. Rc2 {[%clk 00:52:56]} {[%emt 00:00:24]} Qa4 {[%clk 00:01:56]}
{[%emt 00:00:16]} 29. Rb2 {[%clk 00:53:12]} {[%emt 00:00:15]} f6 {[%clk
00:01:26]} {[%emt 00:01:01]} 30. Qd4 {[%clk 00:48:40]} {[%emt 00:05:01]} Qb5
{[%clk 00:00:45]} {[%emt 00:01:12]} 31. c6 {[%clk 00:47:32]} {[%emt 00:01:37]}
Qb6 {[%clk 00:00:35]} {[%emt 00:00:41]} 32. Qc3 {[%clk 00:33:26]} {[%emt
00:14:35]} Qb5 {[%clk 00:00:38]} {[%emt 00:00:28]} 33. Qd4 {[%clk 00:31:32]}
{[%emt 00:02:24]} Qb6 {[%clk 00:01:03]} {[%emt 00:00:05]} 34. Qc4 {[%clk
00:27:32]} {[%emt 00:04:29]} Kf7 {[%clk 00:01:00]} {[%emt 00:00:33]} 35. Rd2
{[%clk 00:23:32]} {[%emt 00:04:29]} Qxb4 {[%clk 00:00:41]} {[%emt 00:00:50]}
36. Rd7+ {[%clk 00:23:48]} {[%emt 00:00:14]} Kg8 {[%clk 00:00:53]} {[%emt
00:00:19]} 37. Qxe6+ {[%clk 00:24:00]} {[%emt 00:00:18]} Kh8 {[%clk 00:01:17]}
{[%emt 00:00:06]} 38. c7 {[%clk 00:19:28]} {[%emt 00:05:02]} Ra8 {[%clk
00:01:28]} {[%emt 00:00:20]} 39. Nc6 {[%clk 00:17:50]} {[%emt 00:02:08]} Qf8
{[%clk 00:01:16]} {[%emt 00:00:43]} 40. Qd5 {[%clk 00:13:41]} {[%emt 00:04:38]}
Qe8 {[%clk 00:00:33]} {[%emt 00:01:14]} 41. Rd8 {[%clk 00:11:38]} {[%emt
00:02:33]} 1-0

[Event "DEM U14 2025"]
[Site "Willingen GER"]
[Date "2025.06.08"]
[Round "2"]
[White "Savchuk, Alexander"]
[Black "Leonhardt, Max"]
[Result "1-0"]
[Termination "normal"]
[Board "15"]
[WhiteElo "1935"]
[BlackElo "1785"]
[WhiteClock "00:40:08"]
[BlackClock "01:12:41"]
[PlyCount "45"]
[WhiteFideId "34617434"]
[BlackFideId "34623647"]
[EventCountry "GER"]
[EventRounds "9"]
[EventType "swiss"]
[EventDate "2025.06.07"]

1. e4 {[%clk 01:30:36]} {[%emt 00:00:23]} e6 {[%clk 01:30:30]} {[%emt
00:00:30]} 2. d4 {[%clk 01:30:35]} {[%emt 00:00:30]} d5 {[%clk 01:30:30]}
{[%emt 00:00:31]} 3. e5 {[%clk 01:30:02]} {[%emt 00:01:03]} c5 {[%clk
01:30:01]} {[%emt 00:01:00]} 4. c3 {[%clk 01:30:04]} {[%emt 00:00:28]} Nc6
{[%clk 01:30:00]} {[%emt 00:00:30]} 5. Nf3 {[%clk 01:30:10]} {[%emt 00:00:25]}
Nge7 {[%clk 01:30:00]} {[%emt 00:00:30]} 6. Be2 {[%clk 01:27:30]} {[%emt
00:03:09]} cxd4 {[%clk 01:30:00]} {[%emt 00:00:30]} 7. cxd4 {[%clk 01:27:48]}
{[%emt 00:00:13]} Nf5 {[%clk 01:29:56]} {[%emt 00:00:34]} 8. Be3 {[%clk
01:25:06]} {[%emt 00:03:11]} Qb6 {[%clk 01:29:54]} {[%emt 00:00:32]} 9. Qd2
{[%clk 01:24:59]} {[%emt 00:00:37]} Bd7 {[%clk 01:30:17]} {[%emt 00:00:08]} 10.
O-O {[%clk 01:25:04]} {[%emt 00:00:24]} Be7 {[%clk 01:30:28]} {[%emt 00:00:19]}
11. Nc3 {[%clk 01:25:11]} {[%emt 00:00:23]} h6 {[%clk 01:30:03]} {[%emt
00:00:55]} 12. Rfc1 {[%clk 01:22:29]} {[%emt 00:03:12]} Nxe3 {[%clk 01:28:57]}
{[%emt 00:01:36]} 13. Qxe3 {[%clk 01:09:50]} {[%emt 00:13:08]} Na5 {[%clk
01:27:09]} {[%emt 00:02:18]} 14. b4 {[%clk 00:52:50]} {[%emt 00:17:30]} Nc4
{[%clk 01:21:13]} {[%emt 00:06:25]} 15. Bxc4 {[%clk 00:50:55]} {[%emt
00:02:26]} dxc4 {[%clk 01:20:54]} {[%emt 00:00:49]} 16. Ne4 {[%clk 00:48:17]}
{[%emt 00:03:08]} Qc7 {[%clk 01:18:40]} {[%emt 00:02:44]} 17. d5 {[%clk
00:42:09]} {[%emt 00:06:37]} Bxb4 {[%clk 01:14:26]} {[%emt 00:04:45]} 18. Rab1
{[%clk 00:40:14]} {[%emt 00:02:24]} Ba5 {[%clk 01:13:59]} {[%emt 00:00:57]} 19.
Rxc4 {[%clk 00:40:15]} {[%emt 00:00:29]} Qd8 {[%clk 01:13:32]} {[%emt
00:00:56]} 20. Nd6+ {[%clk 00:40:29]} {[%emt 00:00:17]} Ke7 {[%clk 01:13:36]}
{[%emt 00:00:27]} 21. Nxb7 {[%clk 00:39:43]} {[%emt 00:01:16]} Qb8 {[%clk
01:13:04]} {[%emt 00:01:02]} 22. Qa3+ {[%clk 00:39:59]} {[%emt 00:00:15]} Ke8
{[%clk 01:12:41]} {[%emt 00:00:53]} 23. Nd6+ {[%clk 00:40:08]} {[%emt
00:00:22]} 1-0

[Event "DEM U14 2025"]
[Site "Willingen GER"]
[Date "2025.06.08"]
[Round "2"]
[White "Meitzner, Johan Eduard"]
[Black "Jahn, Gustav"]
[Result "0-1"]
[Termination "normal"]
[Board "16"]
[WhiteElo "1714"]
[BlackElo "1983"]
[WhiteClock "00:54:50"]
[BlackClock "01:20:12"]
[PlyCount "64"]
[WhiteFideId "34623612"]
[BlackFideId "34666605"]
[EventCountry "GER"]
[EventRounds "9"]
[EventType "swiss"]
[EventDate "2025.06.07"]

1. d4 {[%clk 01:30:59]} e6 {[%clk 01:30:54]} {[%emt 00:00:06]} 2. Nf3 {[%clk
01:31:16]} {[%emt 00:00:12]} c5 {[%clk 01:31:19]} {[%emt 00:00:06]} 3. c3
{[%clk 01:31:24]} {[%emt 00:00:22]} Nf6 {[%clk 01:31:31]} {[%emt 00:00:18]} 4.
Bf4 {[%clk 01:30:59]} {[%emt 00:00:54]} Nc6 {[%clk 01:31:53]} {[%emt 00:00:08]}
5. e3 {[%clk 01:30:47]} {[%emt 00:00:42]} Nh5 {[%clk 01:31:50]} {[%emt
00:00:33]} 6. Bg3 {[%clk 01:30:38]} {[%emt 00:00:38]} Nxg3 {[%clk 01:32:14]}
{[%emt 00:00:07]} 7. hxg3 {[%clk 01:31:04]} {[%emt 00:00:04]} h6 {[%clk
01:32:14]} {[%emt 00:00:30]} 8. Bd3 {[%clk 01:30:32]} {[%emt 00:01:01]} Be7
{[%clk 01:32:30]} {[%emt 00:00:14]} 9. Nbd2 {[%clk 01:30:46]} {[%emt 00:00:15]}
d5 {[%clk 01:32:45]} {[%emt 00:00:16]} 10. Qc2 {[%clk 01:29:52]} {[%emt
00:01:24]} Qb6 {[%clk 01:32:53]} {[%emt 00:00:22]} 11. O-O-O {[%clk 01:26:13]}
{[%emt 00:04:09]} c4 {[%clk 01:32:50]} {[%emt 00:00:33]} 12. Be2 {[%clk
01:26:16]} {[%emt 00:00:26]} a5 {[%clk 01:32:46]} {[%emt 00:00:35]} 13. e4
{[%clk 01:24:20]} {[%emt 00:02:25]} a4 {[%clk 01:32:31]} {[%emt 00:00:47]} 14.
a3 {[%clk 01:24:14]} {[%emt 00:00:36]} Bd7 {[%clk 01:32:35]} {[%emt 00:00:25]}
15. exd5 {[%clk 01:16:34]} {[%emt 00:08:10]} exd5 {[%clk 01:32:54]} {[%emt
00:00:11]} 16. Rh5 {[%clk 01:16:17]} {[%emt 00:00:44]} Be6 {[%clk 01:31:29]}
{[%emt 00:01:57]} 17. Re1 {[%clk 01:06:49]} {[%emt 00:09:57]} g6 {[%clk
01:30:48]} {[%emt 00:01:12]} 18. Rhh1 {[%clk 01:06:46]} {[%emt 00:00:31]} Bf5
{[%clk 01:30:45]} {[%emt 00:00:35]} 19. Qd1 {[%clk 01:07:05]} {[%emt 00:00:10]}
Kd8 {[%clk 01:30:14]} {[%emt 00:01:03]} 20. Nh4 {[%clk 01:04:13]} {[%emt
00:03:21]} Be6 {[%clk 01:27:43]} {[%emt 00:03:01]} 21. Bg4 {[%clk 01:00:04]}
{[%emt 00:04:37]} Bxg4 {[%clk 01:26:09]} {[%emt 00:02:07]} 22. Qxg4 {[%clk
00:59:40]} {[%emt 00:00:53]} Ra5 {[%clk 01:24:25]} {[%emt 00:02:15]} 23. Qe2
{[%clk 00:57:17]} {[%emt 00:02:48]} Rb5 {[%clk 01:23:46]} {[%emt 00:01:12]} 24.
Nf1 {[%clk 00:56:56]} {[%emt 00:00:48]} Bxa3 {[%clk 01:23:41]} {[%emt
00:00:37]} 25. Qf3 {[%clk 00:53:38]} {[%emt 00:03:49]} Bxb2+ {[%clk 01:22:41]}
{[%emt 00:01:30]} 26. Kd2 {[%clk 00:53:57]} {[%emt 00:00:09]} Nxd4 {[%clk
01:19:28]} {[%emt 00:03:45]} 27. Qxf7 {[%clk 00:53:19]} {[%emt 00:01:08]} Bxc3+
{[%clk 01:18:56]} {[%emt 00:01:02]} 28. Kxc3 {[%clk 00:53:29]} {[%emt
00:00:20]} Rb3+ {[%clk 01:19:04]} {[%emt 00:00:23]} 29. Kd2 {[%clk 00:53:53]}
{[%emt 00:00:06]} Rd3+ {[%clk 01:19:22]} {[%emt 00:00:11]} 30. Kc1 {[%clk
00:54:09]} {[%emt 00:00:12]} Rc3+ {[%clk 01:19:29]} {[%emt 00:00:26]} 31. Kd2
{[%clk 00:54:26]} {[%emt 00:00:12]} Qb2+ {[%clk 01:19:52]} {[%emt 00:00:06]}
32. Kd1 {[%clk 00:54:50]} {[%emt 00:00:05]} Rc1# {[%clk 01:20:12]} {[%emt
00:00:10]} 0-1

[Event "DEM U14 2025"]
[Site "Willingen GER"]
[Date "2025.06.08"]
[Round "2"]
[White "Wartenberg, Alexander"]
[Black "Krüger, Moritz"]
[Result "0-1"]
[Termination "normal"]
[Board "17"]
[WhiteElo "1840"]
[BlackElo "1785"]
[WhiteClock "00:30:28"]
[BlackClock "00:57:48"]
[PlyCount "79"]
[WhiteFideId "16280768"]
[BlackFideId "34608923"]
[EventCountry "GER"]
[EventRounds "9"]
[EventType "swiss"]
[EventDate "2025.06.07"]

1. e4 {[%clk 01:30:58]} {[%emt 00:00:01]} e6 {[%clk 01:30:24]} {[%emt
00:00:36]} 2. d4 {[%clk 01:31:22]} {[%emt 00:00:07]} d5 {[%clk 01:30:17]}
{[%emt 00:00:37]} 3. Nc3 {[%clk 01:31:41]} {[%emt 00:00:11]} Nf6 {[%clk
01:29:56]} {[%emt 00:00:49]} 4. Bg5 {[%clk 01:32:05]} {[%emt 00:00:08]} Be7
{[%clk 01:29:46]} {[%emt 00:00:38]} 5. e5 {[%clk 01:30:40]} {[%emt 00:01:56]}
Nfd7 {[%clk 01:29:40]} {[%emt 00:00:35]} 6. Bxe7 {[%clk 01:30:31]} {[%emt
00:00:40]} Qxe7 {[%clk 01:28:49]} {[%emt 00:01:22]} 7. f4 {[%clk 01:30:19]}
{[%emt 00:00:42]} O-O {[%clk 01:28:30]} {[%emt 00:00:47]} 8. Qh5 {[%clk
01:26:55]} {[%emt 00:03:55]} c5 {[%clk 01:26:37]} {[%emt 00:02:23]} 9. Nf3
{[%clk 01:21:29]} {[%emt 00:05:56]} f6 {[%clk 01:25:20]} {[%emt 00:01:43]} 10.
O-O-O {[%clk 01:04:27]} {[%emt 00:17:37]} fxe5 {[%clk 01:17:57]} {[%emt
00:07:53]} 11. fxe5 {[%clk 00:50:12]} {[%emt 00:14:44]} Rf5 {[%clk 01:17:07]}
{[%emt 00:01:17]} 12. Qg4 {[%clk 00:45:28]} {[%emt 00:05:18]} cxd4 {[%clk
01:15:57]} {[%emt 00:01:39]} 13. Nxd5 {[%clk 00:42:44]} {[%emt 00:03:14]} Qc5
{[%clk 01:14:57]} {[%emt 00:01:25]} 14. Nxd4 {[%clk 00:30:27]} {[%emt
00:12:52]} Nxe5 {[%clk 01:14:27]} {[%emt 00:00:59]} 15. Qg3 {[%clk 00:29:21]}
{[%emt 00:01:36]} exd5 {[%clk 01:12:58]} {[%emt 00:01:59]} 16. Nxf5 {[%clk
00:28:42]} {[%emt 00:01:10]} Bxf5 {[%clk 01:10:49]} {[%emt 00:02:38]} 17. Qb3
{[%clk 00:19:19]} {[%emt 00:09:54]} Be4 {[%clk 01:09:50]} {[%emt 00:01:28]} 18.
Re1 {[%clk 00:15:22]} {[%emt 00:04:27]} Kh8 {[%clk 01:08:52]} {[%emt 00:01:27]}
19. Bd3 {[%clk 00:06:47]} {[%emt 00:09:06]} Nxd3+ {[%clk 01:07:52]} {[%emt
00:01:29]} 20. Qxd3 {[%clk 00:06:49]} {[%emt 00:00:30]} Nc6 {[%clk 01:07:56]}
{[%emt 00:00:26]} 21. Qc3 {[%clk 00:05:05]} {[%emt 00:02:15]} Qxc3 {[%clk
01:07:08]} {[%emt 00:01:18]} 22. bxc3 {[%clk 00:05:18]} {[%emt 00:00:17]} Ne5
{[%clk 01:05:54]} {[%emt 00:01:42]} 23. Rhf1 {[%clk 00:02:56]} {[%emt
00:02:53]} Kg8 {[%emt 00:02:14]} 24. g3 {[%clk 00:02:41]} Rf8 {[%clk 01:05:11]}
{[%emt 00:00:13]} 25. Rxf8+ {[%clk 00:01:34]} {[%emt 00:01:37]} Kxf8 {[%clk
01:04:52]} {[%emt 00:00:50]} 26. Kb2 {[%clk 00:01:41]} {[%emt 00:00:23]} Ke7
{[%clk 01:03:57]} {[%emt 00:01:24]} 27. Kb3 {[%clk 00:01:14]} {[%emt 00:00:57]}
Kd6 {[%clk 01:02:35]} {[%emt 00:01:52]} 28. Re2 {[%clk 00:01:21]} {[%emt
00:00:23]} Kc5 {[%clk 01:00:42]} {[%emt 00:02:21]} 29. Rf2 {[%clk 00:00:57]}
{[%emt 00:00:55]} Nf3 {[%clk 01:00:14]} {[%emt 00:00:54]} 30. a3 {[%clk
00:00:51]} {[%emt 00:00:40]} g5 {[%clk 00:59:51]} {[%emt 00:00:52]} 31. g4
{[%clk 00:00:41]} {[%emt 00:00:41]} b5 {[%clk 00:59:30]} {[%emt 00:00:50]} 32.
a4 {[%clk 00:00:37]} {[%emt 00:00:36]} bxa4+ {[%clk 00:58:35]} {[%emt
00:01:25]} 33. Kxa4 {[%clk 00:01:04]} {[%emt 00:00:03]} Kc4 {[%clk 00:58:48]}
{[%emt 00:00:15]} 34. Ka5 {[%clk 00:01:04]} {[%emt 00:00:31]} Kxc3 {[%clk
00:58:07]} {[%emt 00:01:11]} 35. Ka6 {[%clk 00:01:20]} {[%emt 00:00:14]} Nd2
{[%clk 00:58:20]} {[%emt 00:00:17]} 36. Kxa7 {[%clk 00:01:31]} {[%emt
00:00:20]} Kxc2 {[%clk 00:58:25]} {[%emt 00:00:25]} 37. Kb6 {[%clk 00:01:53]}
{[%emt 00:00:08]} d4 {[%clk 00:58:26]} {[%emt 00:00:28]} 38. Kc5 {[%clk
00:02:07]} {[%emt 00:00:17]} Kc3 {[%clk 00:58:09]} {[%emt 00:00:47]} 39. Rf7
{[%clk 00:01:09]} {[%emt 00:01:28]} Nf3 {[%clk 00:57:48]} {[%emt 00:00:51]} 40.
Ra7 {[%clk 00:30:28]} {[%emt 00:01:11]} 0-1